Retiring real estate on Google Maps (Record no. 82888)

MARC details
000 -LEADER
fixed length control field 01046cad a22002055a 4500
001 - CONTROL NUMBER
control field L152043
008 - FIXED-LENGTH DATA ELEMENTS--GENERAL INFORMATION
fixed length control field 110128e20110126xxk 000 0 eng d
035 ## - SYSTEM CONTROL NUMBER
System control number (Sirsi) u152043
041 0# - LANGUAGE CODE
Language code of text/sound track or separate title eng
100 1# - MAIN ENTRY--PERSONAL NAME
Personal name McClendon, Brian
245 00 - TITLE STATEMENT
Title Retiring real estate on Google Maps
Medium [electronic resource]
260 ## - PUBLICATION, DISTRIBUTION, ETC.
Date of publication, distribution, etc. 2011
490 ## - SERIES STATEMENT
Series statement Google Lat Long Blog
Volume/sequential designation 26 January 2011
520 ## - SUMMARY, ETC.
Summary, etc. Google is withdrawing the real estate feature for United States, Australia, New Zealand, UK and Japan within Google Maps from 10 February 2011. This partly due to low usage, the proliferation of excellent property-search tools on real estate websites, and the infrastructure challenge posed by the impending retirement of the Google Base API.
590 ## - LOCAL NOTE (RLIN)
Local note KA NTK
651 #4 - SUBJECT ADDED ENTRY--GEOGRAPHIC NAME
Geographic name International
690 ## - LOCAL SUBJECT ADDED ENTRY--TOPICAL TERM (OCLC, RLIN)
Topical term or geographic name as entry element ENVIRONMENTAL AND LAND CONSULTANCY-GEOMATICS-MAPPING AND POSITIONING
856 40 - ELECTRONIC LOCATION AND ACCESS
Uniform Resource Identifier <a href="https://google-latlong.blogspot.com/2011/01/retiring-real-estate-on-google-maps.html">https://google-latlong.blogspot.com/2011/01/retiring-real-estate-on-google-maps.html</a>
Public note View this item free of charge at www.google-latlong.blogspot.com
942 ## - ADDED ENTRY ELEMENTS (KOHA)
Suppress in OPAC 0
Holdings
Withdrawn status Lost status Source of classification or shelving scheme Damaged status Not for loan Home library Current library Shelving location Date acquired Total Checkouts Full call number Barcode Date last seen Copy number Price effective from Koha item type
    Dewey Decimal Classification     Virtual Virtual Online 28/01/2011   ONLINE PUBLICATION 152043-2001 06/08/2019 1 06/08/2019 Journal article